[Event "Vaujany op 5th"]
[Site "Vaujany"]
[Date "2014.07.18"]
[Round "9.16"]
[White "Grimm, Gyorgy"]
[Black "Gelas, Christophe"]
[Result "1-0"]
[WhiteElo "2087"]
[BlackElo "2221"]
[PlyCount "135"]
[EventDate "2014.07.10"]
[EventType "swiss"]
[EventRounds "9"]
[EventCountry "FRA"]
[SourceTitle "EXT 2017"]
[Source "ChessBase"]
[SourceDate "2016.10.25"]
[SourceVersion "1"]
[SourceVersionDate "2016.10.25"]
[SourceQuality "1"]

1. e4 e6 2. Nf3 d5 3. e5 c5 4. c3 Bd7 5. d4 a6 6. Bd3 cxd4 7. cxd4 Bb5 8. Bxb5+ axb5 9. 0-0 Nc6 10. Bg5 Be7 11. Bxe7 Ngxe7 12. Nc3 Qb6 13. Qd3 Ra5 14. a3 b4 15. axb4 Qxb4 16. Rxa5 Qxa5 17. Nb5 0-0 18. Nd6 Qb4 19. Qc3 Qb6 20. Ra1 f6 21. Ra3 fxe5 22. dxe5 Ng6 23. Rb3 Qa6 24. g3 Qe2 25. Qe3 Qd1+ 26. Kg2 d4 27. Qd3 Qc1 28. Rxb7 Ncxe5 29. Nxe5 Nxe5 30. Qxd4 Qc6+ 31. Kh3 Nd7 32. Rb3 Rf6 33. Ne4 Rh6+ 34. Kg2 e5 35. Qb4 Nc5 36. Re3 Nxe4 37. Qxe4 Qxe4+ 38. Rxe4 Rb6 39. b4 Rb5 40. Rc4 Kf7 41. Kf3 Kf6 42. Ke4 h5 43. h4 g6 44. f3 Ke6 45. Rc6+ Kf7 46. Rc7+ Kf6 47. Rc6+ Kf7 48. Rc4 Ke6 49. f4 exf4 50. Kxf4 Kd6 51. Re4 Rf5+ 52. Ke3 g5 53. hxg5 Rxg5 54. Kf3 Rd5 55. Ke3 Rg5 56. Kf4 Rb5 57. Rc4 Ke6 58. Rc6+ Kf7 59. Rc4 Ke6 60. Ke3 Rg5 61. Kf3 Rd5 62. Kg2 Rd1 63. b5 Kf5 64. Rb4 Rd2+ 65. Kh3 Rd7 66. b6 Rb7 67. Kh4 Kg6 68. Rb5 1-0

[Event "Vaujany op 5th"]
[Site "Vaujany"]
[Date "2014.07.17"]
[Round "8.10"]
[White "Gelas, Christophe"]
[Black "Joie, Sebastien"]
[Result "0-1"]
[WhiteElo "2221"]
[BlackElo "2361"]
[PlyCount "38"]
[EventDate "2014.07.10"]
[EventType "swiss"]
[EventRounds "9"]
[EventCountry "FRA"]
[SourceTitle "EXT 2017"]
[Source "ChessBase"]
[SourceDate "2016.10.25"]
[SourceVersion "1"]
[SourceVersionDate "2016.10.25"]
[SourceQuality "1"]

1. d4 Nf6 2. c4 b6 3. Nc3 Bb7 4. Qc2 d5 5. cxd5 Nxd5 6. e4 Nxc3 7. bxc3 e5 8. dxe5 Nd7 9. f4 Qe7 10. Bb5 0-0-0 11. Bxd7+ Qxd7 12. Nf3 Bc5 13. Bd2 Qg4 14. 0-0-0 Qxg2 15. Rhf1 Ba6 16. c4 Qe2 17. e6 fxe6 18. Bc3 Rxd1+ 19. Qxd1 Qxa2 0-1

[Event "FRA-chT U20 1112"]
[Site "France"]
[Date "2011.12.19"]
[Round "7"]
[White "Gelas, Christophe"]
[Black "Fischer, Julie"]
[Result "1-0"]
[WhiteElo "2072"]
[BlackElo "1834"]
[PlyCount "85"]
[EventDate "2011.12.03"]
[EventType "team-swiss"]
[EventRounds "7"]
[EventCountry "FRA"]
[SourceTitle "EXT 2013"]
[Source "ChessBase"]
[SourceDate "2012.11.22"]
[SourceVersion "1"]
[SourceVersionDate "2012.11.22"]
[SourceQuality "1"]

1. d4 Nf6 2. c4 g6 3. f3 Bg7 4. e4 d6 5. Nc3 0-0 6. Bg5 c5 7. d5 Na6 8. Qd2 Re8 9. Nge2 Nc7 10. h4 h5 11. Nc1 e6 12. Be2 exd5 13. cxd5 Bd7 14. a4 Qc8 15. Qf4 Nh7 16. Qxd6 Nxg5 17. Nd3 Bf8 18. Qf4 Nh7 19. Ne5 Re7 20. Bc4 Bg7 21. Nxg6 fxg6 22. d6+ Be6 23. dxe7 Bxc4 24. 0-0-0 Ne6 25. Rd8+ Qxd8 26. exd8Q+ Rxd8 27. Qg3 Kf7 28. Rd1 Bd4 29. f4 Rd7 30. f5 gxf5 31. exf5 Nef8 32. Ne4 Ke7 33. Re1 Kf7 34. Nd6+ Rxd6 35. Qxd6 Nf6 36. Re7+ Kg8 37. Rxb7 Bd5 38. Rb8 Be3+ 39. Kd1 Bh6 40. Qxf6 Bg7 41. Qd6 Bxg2 42. Rxf8+ Bxf8 43. Qg6+ 1-0

[Event "FRA-chT U20 16 GP Haute 1011"]
[Site "France"]
[Date "2011.06.12"]
[Round "10"]
[White "Haussernot, Cecile"]
[Black "Gelas, Christophe"]
[Result "1-0"]
[WhiteElo "2040"]
[BlackElo "2073"]
[PlyCount "75"]
[EventDate "2010.06.20"]
[EventType "team-tourn"]
[EventRounds "11"]
[EventCountry "FRA"]
[SourceTitle "EXT 2015"]
[Source "ChessBase"]
[SourceDate "2014.11.20"]
[SourceVersion "1"]
[SourceVersionDate "2014.11.20"]
[SourceQuality "1"]
[WhiteTeam "Mulhouse Philidor (U20)"]
[BlackTeam "Grenoble (U20)"]
[WhiteTeamCountry "FRA"]
[BlackTeamCountry "FRA"]

1. e4 e6 2. d4 d5 3. Nc3 Bb4 4. Nge2 dxe4 5. a3 Bxc3+ 6. Nxc3 Nc6 7. Bb5 Nge7 8. Bg5 f6 9. Be3 0-0 10. Qd2 f5 11. 0-0-0 Nd5 12. Nxd5 exd5 13. Bxc6 bxc6 14. Bf4 a5 15. h4 a4 16. Rh3 Ba6 17. Be5 Rf7 18. h5 Rb8 19. Rg3 Qf8 20. Qf4 Bc4 21. Rh1 Re8 22. Bxc7 Re6 23. Be5 c5 24. Rg5 cxd4 25. Bxd4 Qd6 26. Qd2 f4 27. Qc3 Qe7 28. Rg4 e3 29. fxe3 fxe3 30. Re1 e2 31. Qg3 Qc7 32. Qh4 Bd3 33. Bc3 Rc6 34. Rxa4 Rf8 35. Qd4 Bb5 36. Rb4 Bc4 37. Kb1 Qg3 38. Rxc4 1-0

[Event "FRA-ch U14"]
[Site "Montlucon"]
[Date "2011.04.18"]
[Round "3"]
[White "Dumas, Charles"]
[Black "Gelas, Christophe"]
[Result "0-1"]
[WhiteElo "1806"]
[BlackElo "2047"]
[PlyCount "118"]
[EventDate "2011.04.17"]
[EventType "swiss"]
[EventRounds "9"]
[EventCountry "FRA"]
[SourceTitle "CBM 142 Extra"]
[Source "ChessBase"]
[SourceDate "2011.06.27"]
[SourceVersion "1"]
[SourceVersionDate "2011.06.27"]
[SourceQuality "1"]

1. e4 e6 2. d4 d5 3. Nd2 Nf6 4. e5 Nfd7 5. Ngf3 c5 6. c3 Nc6 7. Bd3 cxd4 8. cxd4 a5 9. 0-0 Nb6 10. Re1 Bd7 11. Nf1 Be7 12. Bd2 Nb4 13. Bb1 Nc4 14. Bc3 b5 15. Ng3 Rc8 16. Nh5 Kf8 17. Nd2 g6 18. Nxc4 dxc4 19. Nf4 Bc6 20. a3 Nd5 21. Nxd5 Bxd5 22. Qd2 Ra8 23. Be4 Bxe4 24. Rxe4 Kg7 25. Rd1 Qd5 26. Ree1 Bd8 27. h3 h5 28. Qe3 h4 29. Qe4 Be7 30. Qxd5 exd5 31. e6 f6 32. Ra1 Ra6 33. Bd2 Rb8 34. Re2 Rbb6 35. Rae1 b4 36. a4 Rc6 37. Re3 Ra8 38. Kf1 Rac8 39. Rc1 Re8 40. Rce1 Bd8 41. e7 Bb6 42. Re6 Rxe6 43. Rxe6 Bxd4 44. Bc1 b3 45. Rd6 c3 46. bxc3 Bxc3 47. Rxd5 Rxe7 48. Be3 b2 49. Rd1 Rb7 50. Rb1 Rb4 51. Ke2 Rxa4 52. Kd3 Ra1 53. Kc2 a4 54. g3 hxg3 55. fxg3 a3 56. Bf4 g5 57. Bc7 a2 58. Rxb2 Bxb2 59. Kxb2 Rc1 0-1

[Event "Ouest Toulousain op-A 6th"]
[Site "Fontenilles"]
[Date "2011.03.11"]
[Round "7"]
[White "Kravtsiv, Martyn"]
[Black "Gelas, Christophe"]
[Result "1-0"]
[WhiteElo "2567"]
[BlackElo "2047"]
[PlyCount "55"]
[EventDate "2011.03.07"]
[EventType "swiss"]
[EventRounds "9"]
[EventCountry "FRA"]
[SourceTitle "CBM 141 Extra"]
[Source "ChessBase"]
[SourceDate "2011.05.03"]
[SourceVersion "1"]
[SourceVersionDate "2011.05.03"]
[SourceQuality "1"]

1. e4 e6 2. d4 d5 3. Nc3 Bb4 4. e5 c5 5. a3 Bxc3+ 6. bxc3 Qc7 7. Nf3 Ne7 8. a4 b6 9. Bb5+ Bd7 10. 0-0 Bxb5 11. axb5 a5 12. bxa6 Rxa6 13. Rxa6 Nxa6 14. Qe2 c4 15. h4 Qa7 16. h5 h6 17. Nh4 Nc7 18. Qg4 Rg8 19. Bd2 Qa2 20. Rc1 Nb5 21. f4 Qb2 22. f5 exf5 23. Nxf5 Nxf5 24. Qxf5 Nxc3 25. Qc8+ Ke7 26. Qc7+ Ke8 27. Rf1 Rf8 28. e6 1-0

[Event "Ouest Toulousain op-A 6th"]
[Site "Fontenilles"]
[Date "2011.03.09"]
[Round "4"]
[White "Gelas, Christophe"]
[Black "Lacroix, Romain"]
[Result "1-0"]
[WhiteElo "2047"]
[BlackElo "2228"]
[PlyCount "53"]
[EventDate "2011.03.07"]
[EventType "swiss"]
[EventRounds "9"]
[EventCountry "FRA"]
[SourceTitle "CBM 141 Extra"]
[Source "ChessBase"]
[SourceDate "2011.05.03"]
[SourceVersion "1"]
[SourceVersionDate "2011.05.03"]
[SourceQuality "1"]

1. d4 d5 2. c4 c6 3. cxd5 cxd5 4. Bf4 Nf6 5. Nc3 a6 6. e3 Nc6 7. Nf3 Bg4 8. Be2 e6 9. Qb3 Bd6 10. Ne5 Bxe2 11. Qxb7 Nxe5 12. dxe5 0-0 13. Kxe2 Rb8 14. Qxa6 Rxb2+ 15. Kf1 Qc7 16. Nd1 Rd2 17. exd6 Qc2 18. g3 Ng4 19. Kg2 Qe4+ 20. Kg1 Qf3 21. Qf1 Ra8 22. d7 Nf6 23. Qa6 Rd8 24. Qa5 Rxd1+ 25. Rxd1 Rf8 26. d8Q Ne4 27. Qxf8+ 1-0

[Event "Ouest Toulousain op-A 6th"]
[Site "Fontenilles"]
[Date "2011.03.08"]
[Round "2"]
[White "Gelas, Christophe"]
[Black "Di Nicolantonio, Lucas"]
[Result "0-1"]
[WhiteElo "2047"]
[BlackElo "2273"]
[PlyCount "52"]
[EventDate "2011.03.07"]
[EventType "swiss"]
[EventRounds "9"]
[EventCountry "FRA"]
[SourceTitle "CBM 141 Extra"]
[Source "ChessBase"]
[SourceDate "2011.05.03"]
[SourceVersion "1"]
[SourceVersionDate "2011.05.03"]
[SourceQuality "1"]

1. d4 Nf6 2. c4 e6 3. Nf3 d5 4. Nc3 c6 5. e3 Nbd7 6. Bd3 dxc4 7. Bxc4 b5 8. Bd3 Bb7 9. 0-0 a6 10. e4 c5 11. d5 Qc7 12. dxe6 fxe6 13. e5 Nxe5 14. Nxe5 Qxe5 15. Re1 Qd6 16. Qb3 0-0-0 17. Bxb5 Ng4 18. g3 axb5 19. Rxe6 c4 20. Rxd6 cxb3 21. Rxd8+ Kxd8 22. Bg5+ Ke8 23. Nxb5 Bc5 24. axb3 Bxf2+ 25. Kf1 Bc5 26. h3 Rf8+ 0-1

[Event "FRA-chTA U20 1011"]
[Site "France"]
[Date "2010.12.19"]
[Round "4.1"]
[White "Gelas, Christophe"]
[Black "Loiseau, Quentin"]
[Result "1/2-1/2"]
[WhiteElo "2007"]
[BlackElo "2219"]
[PlyCount "39"]
[EventDate "2010.11.21"]
[EventType "team-tourn"]
[EventRounds "7"]
[EventCountry "FRA"]
[SourceTitle "EXT 2012"]
[Source "ChessBase"]
[SourceDate "2011.11.24"]
[SourceVersion "1"]
[SourceVersionDate "2011.11.24"]
[SourceQuality "1"]
[WhiteTeam "Grenoble"]
[BlackTeam "Creteil"]
[WhiteTeamCountry "FRA"]
[BlackTeamCountry "FRA"]

1. d4 Nf6 2. c4 g6 3. f3 Bg7 4. e4 d6 5. Nc3 0-0 6. Bg5 a6 7. Qd2 c5 8. d5 b5 9. cxb5 Nbd7 10. a4 Qa5 11. Ra3 Nb6 12. Bd3 Re8 13. Nge2 Nfd7 14. f4 Qb4 15. a5 Nc4 16. Bxc4 Qxc4 17. b6 e6 18. Ra4 Qb3 19. Ra3 Qc4 20. Ra4 1/2-1/2

[Event "FRA-GER m U14"]
[Site "Cap d'Agde"]
[Date "2010.10.26"]
[Round "4.4"]
[White "Berger, Nadja"]
[Black "Gelas, Christophe"]
[Result "0-1"]
[WhiteElo "1738"]
[BlackElo "2000"]
[PlyCount "98"]
[EventDate "2010.10.23"]
[EventType "team-match"]
[EventRounds "5"]
[EventCountry "FRA"]
[SourceTitle "EXT 2016"]
[Source "ChessBase"]
[SourceDate "2015.10.08"]
[SourceVersion "1"]
[SourceVersionDate "2015.10.08"]
[SourceQuality "1"]
[WhiteTeam "Germany"]
[BlackTeam "France"]
[WhiteTeamCountry "GER"]
[BlackTeamCountry "FRA"]

1. e4 e6 2. d4 d5 3. Nc3 Bb4 4. exd5 exd5 5. Nf3 Nf6 6. Bd3 Qe7+ 7. Qe2 Qxe2+ 8. Bxe2 Bf5 9. Bd3 Be4 10. Ne5 Nbd7 11. Bf4 c5 12. Nxd7 Nxd7 13. Bxe4 dxe4 14. 0-0 Bxc3 15. bxc3 0-0-0 16. Rfd1 c4 17. Rab1 Nb6 18. Rb4 Rd5 19. Re1 Re8 20. Ra1 Red8 21. a4 Ra5 22. Kf1 Rdd5 23. Ke2 h6 24. h4 f6 25. g4 f5 26. g5 h5 27. Be5 g6 28. Bf4 Rd8 29. Rb5 Rd5 30. Rb4 Kd7 31. Be5 Kc6 32. Kd2 Rd8 33. Ke2 Rdd5 34. Kd2 Ra6 35. Bf4 Rda5 36. Bb8 Rxa4 37. Raxa4 Rxa4 38. Rxa4 Nxa4 39. Bxa7 Kc7 40. d5 Kd6 41. Bb8+ Kxd5 42. Bf4 Nb6 43. Bc7 Kc5 44. Be5 Nd5 45. Bd4+ Kd6 46. Ba7 f4 47. Bd4 Ke6 48. Ke2 f3+ 49. Kd2 Kf5 0-1

[Event "FRA-ch U14"]
[Site "Troyes"]
[Date "2010.04.17"]
[Round "8"]
[White "Gelas, Christophe"]
[Black "Mirimanian, Hayk"]
[Result "1-0"]
[WhiteElo "2000"]
[BlackElo "1818"]
[PlyCount "70"]
[EventDate "2010.04.11"]
[EventType "swiss"]
[EventRounds "9"]
[EventCountry "FRA"]
[SourceTitle "EXT 2012"]
[Source "ChessBase"]
[SourceDate "2011.11.24"]
[SourceVersion "1"]
[SourceVersionDate "2011.11.24"]
[SourceQuality "1"]

1. d4 g6 2. c4 Bg7 3. Nc3 d6 4. e4 e5 5. d5 f5 6. exf5 gxf5 7. Qh5+ Kf8 8. Bd3 Nf6 9. Qh3 Qd7 10. Nge2 f4 11. Qxd7 Nbxd7 12. f3 Kf7 13. g3 fxg3 14. Nxg3 h5 15. Nb5 Ne8 16. Ne4 Nc5 17. Ng5+ Kf6 18. Bc2 c6 19. Nc3 a5 20. Nce4+ Nxe4 21. fxe4 Ke7 22. 0-0 Bf6 23. h4 Bg4 24. Rf2 Nc7 25. c5 Raf8 26. dxc6 bxc6 27. cxd6+ Kxd6 28. Be3 Bxg5 29. Rd2+ Ke6 30. Bb3+ Kf6 31. Bxg5+ Kg7 32. Rc1 Rc8 33. Rxc6 Nb5 34. Rdc2 Rxc6 35. Rxc6 Rf8 1-0

[Event "FRA-ch op-B"]
[Site "Nimes"]
[Date "2009.08.21"]
[Round "10"]
[White "Gelas, Christophe"]
[Black "Domenech, Vianney"]
[Result "0-1"]
[WhiteElo "1947"]
[BlackElo "1984"]
[PlyCount "98"]
[EventDate "2009.08.11"]
[EventType "swiss"]
[EventRounds "11"]
[EventCountry "FRA"]
[SourceTitle "EXT 2011"]
[Source "ChessBase"]
[SourceDate "2010.11.26"]
[SourceVersion "1"]
[SourceVersionDate "2010.11.26"]
[SourceQuality "1"]

1. d4 d5 2. c4 c6 3. cxd5 cxd5 4. Nc3 Nf6 5. Bf4 Nc6 6. e3 Bf5 7. Qb3 Na5 8. Bb5+ Bd7 9. Qa4 e6 10. Nf3 Nc4 11. Ne5 Nxe5 12. dxe5 a6 13. exf6 axb5 14. fxg7 Bxg7 15. Qb4 Qa5 16. Bd6 Bxc3+ 17. bxc3 Qxb4 18. Bxb4 Rg8 19. g3 Bc6 20. 0-0 f6 21. f4 h5 22. Kf2 h4 23. Rg1 hxg3+ 24. Rxg3 Kf7 25. a3 Rh8 26. h3 Rh7 27. Rag1 Rg8 28. Ke2 Re8 29. Kd3 Bd7 30. Bd6 e5 31. fxe5 Bf5+ 32. Kd2 fxe5 33. Bb4 Ke6 34. Rg7 Reh8 35. h4 Rxg7 36. Rxg7 Rxh4 37. Re7+ Kf6 38. Rxb7 Rh2+ 39. Kc1 Bd3 40. Rc7 Kf5 41. Rg7 Re2 42. Rg3 Ke4 43. Bf8 Rc2+ 44. Kd1 Rxc3 45. Rg5 Rb3 46. Bg7 Kxe3 47. Rxe5+ Be4 48. Bh6+ Kd3 49. Bc1 Rb1 0-1